000 00374 a2200169 4500
001 71206
020 _a8516016757
040 _cAnchieta - Colégio São Paulo
100 _aQueirós, Bartolemeu Campos de
240 1 0 _aFaca afiada
_lpor
245 1 0 _aFaca afiada
300 _a39
362 0 _a1997
440 1 _aModerna
650 4 _aLiteratura infantil
942 _cBK
999 _c71206
_d71206